A case for aid : Building a consensus for development assistance

Spremljeno u:
Bibliografski detalji
Format: Knjiga
Jezik:Undetermined
Izdano: Washington DC The World Bank 2002
Teme:
Oznake: Dodaj oznaku
Bez oznaka, Budi prvi tko označuje ovaj zapis!
Thư viện lưu trữ: Trung tâm Học liệu Trường Đại học Cần Thơ
LEADER 00552nam a2200193Ia 4500
001 CTU_62860
008 210402s9999 xx 000 0 und d
082 |a 338.91 
082 |b C337 
245 2 |a A case for aid : 
245 0 |b Building a consensus for development assistance 
260 |a Washington DC 
260 |b The World Bank 
260 |c 2002 
650 |a Economic assistance 
650 |x Decision making 
650 |z Developing countries 
904 |i Minh (Nguyên sửa) 
980 |a Trung tâm Học liệu Trường Đại học Cần Thơ